[Event "DVM U16 2021"]
[Site "Kiel GER"]
[Date "2022.07.25"]
[Round "5"]
[White "Kovalchuk, Alexander"]
[Black "Tham, Nam"]
[Result "0-1"]
[Termination "normal"]
[Board "8.2"]
[WhiteElo "1411"]
[BlackElo "1951"]
[WhiteClock "00:00:34"]
[BlackClock "00:37:20"]
[WhiteTeam "USV TU Dresden"]
[BlackTeam "SC Weisse Dame e.V."]
[PlyCount "82"]
[WhiteFideId "16247809"]
[BlackFideId "12997331"]
[EventCountry "GER"]
[EventRounds "7"]
[EventType "team-swiss"]
[EventDate "2022.07.22"]

1. e4 {[%clk 01:30:55]} {[%emt 00:00:05]} e5 {[%clk 01:30:55]} {[%emt
00:00:06]} 2. Nf3 {[%clk 01:31:17]} {[%emt 00:00:07]} Nc6 {[%clk 01:31:21]}
{[%emt 00:00:04]} 3. Bc4 {[%clk 01:31:42]} {[%emt 00:00:06]} Bc5 {[%clk
01:31:47]} {[%emt 00:00:04]} 4. c3 {[%clk 01:32:04]} {[%emt 00:00:08]} Nf6
{[%clk 01:32:09]} {[%emt 00:00:08]} 5. d4 {[%clk 01:32:22]} {[%emt 00:00:11]}
exd4 {[%clk 01:32:32]} {[%emt 00:00:08]} 6. cxd4 {[%clk 01:32:43]} {[%emt
00:00:08]} Bb4+ {[%clk 01:32:59]} {[%emt 00:00:03]} 7. Bd2 {[%clk 01:32:29]}
{[%emt 00:00:44]} Bxd2+ {[%clk 01:32:00]} {[%emt 00:01:29]} 8. Nbxd2 {[%clk
01:32:44]} {[%emt 00:00:16]} d5 {[%clk 01:29:23]} {[%emt 00:03:06]} 9. exd5
{[%clk 01:28:56]} {[%emt 00:04:19]} Nxd5 {[%clk 01:29:35]} {[%emt 00:00:18]}
10. O-O {[%clk 01:21:44]} {[%emt 00:07:42]} O-O {[%clk 01:28:12]} {[%emt
00:01:53]} 11. Nb3 {[%clk 01:15:48]} {[%emt 00:06:25]} Bg4 {[%clk 01:26:54]}
{[%emt 00:01:48]} 12. Rc1 {[%clk 01:12:38]} {[%emt 00:03:40]} Nf4 {[%clk
01:24:22]} {[%emt 00:03:03]} 13. Rc3 {[%clk 00:55:49]} {[%emt 00:17:18]} Qf6
{[%clk 01:21:58]} {[%emt 00:02:55]} 14. h3 {[%clk 00:48:20]} {[%emt 00:07:59]}
Nxh3+ {[%clk 01:19:00]} {[%emt 00:03:27]} 15. gxh3 {[%clk 00:47:57]} {[%emt
00:00:53]} Bxh3 {[%clk 01:19:26]} {[%emt 00:00:05]} 16. Nh2 {[%clk 00:47:56]}
{[%emt 00:00:30]} Bxf1 {[%clk 01:18:52]} {[%emt 00:01:04]} 17. Bxf1 {[%clk
00:38:58]} {[%emt 00:09:28]} Rad8 {[%clk 01:18:26]} {[%emt 00:00:56]} 18. Nf3
{[%clk 00:34:21]} {[%emt 00:05:07]} Rd5 {[%clk 01:14:17]} {[%emt 00:04:39]} 19.
Qd2 {[%clk 00:28:18]} {[%emt 00:06:32]} a5 {[%clk 01:02:42]} {[%emt 00:12:06]}
20. Bc4 {[%clk 00:20:30]} {[%emt 00:08:18]} Rf5 {[%clk 01:01:44]} {[%emt
00:01:28]} 21. Nh2 {[%clk 00:19:09]} {[%emt 00:01:51]} Rd8 {[%clk 00:59:44]}
{[%emt 00:02:31]} 22. Re3 {[%clk 00:12:21]} {[%emt 00:07:18]} g6 {[%clk
00:59:39]} {[%emt 00:00:34]} 23. d5 {[%clk 00:06:51]} {[%emt 00:06:00]} b5
{[%clk 00:56:46]} {[%emt 00:03:23]} 24. Be2 {[%clk 00:05:27]} {[%emt 00:01:53]}
Rfxd5 {[%clk 00:55:51]} {[%emt 00:01:26]} 25. Qc2 {[%clk 00:03:12]} {[%emt
00:02:45]} a4 {[%clk 00:55:14]} {[%emt 00:01:07]} 26. Ng4 {[%clk 00:01:21]}
{[%emt 00:02:21]} Qg5 {[%clk 00:50:43]} {[%emt 00:05:02]} 27. Qxc6 {[%clk
00:00:42]} {[%emt 00:01:08]} axb3 {[%clk 00:51:08]} {[%emt 00:00:05]} 28. f4
{[%clk 00:00:38]} {[%emt 00:00:34]} Rd1+ {[%clk 00:45:44]} {[%emt 00:05:54]}
29. Bxd1 {[%clk 00:00:33]} {[%emt 00:00:35]} Rxd1+ {[%clk 00:46:08]} {[%emt
00:00:06]} 30. Kf2 {[%clk 00:00:57]} {[%emt 00:00:07]} Qh4+ {[%clk 00:46:23]}
{[%emt 00:00:15]} 31. Rg3 {[%clk 00:00:35]} {[%emt 00:00:51]} Rd2+ {[%clk
00:45:54]} {[%emt 00:01:00]} 32. Kf1 {[%clk 00:00:35]} {[%emt 00:00:29]} Qxg3
{[%clk 00:35:20]} {[%emt 00:11:04]} 33. Qe8+ {[%clk 00:00:45]} {[%emt
00:00:20]} Kg7 {[%clk 00:35:48]} {[%emt 00:00:02]} 34. Qe5+ {[%clk 00:00:59]}
{[%emt 00:00:15]} Kf8 {[%clk 00:36:16]} {[%emt 00:00:04]} 35. Qh8+ {[%clk
00:00:40]} {[%emt 00:00:48]} Ke7 {[%clk 00:36:41]} {[%emt 00:00:06]} 36. Qe5+
{[%clk 00:00:41]} {[%emt 00:00:28]} Kd8 {[%clk 00:36:19]} {[%emt 00:00:52]} 37.
Qh8+ {[%clk 00:00:52]} {[%emt 00:00:19]} Kd7 {[%clk 00:36:26]} {[%emt
00:00:23]} 38. Ne5+ {[%clk 00:00:52]} {[%emt 00:00:30]} Ke7 {[%clk 00:36:51]}
{[%emt 00:00:05]} 39. Nc6+ {[%clk 00:00:57]} {[%emt 00:00:25]} Kd6 {[%clk
00:36:31]} {[%emt 00:00:50]} 40. Qf6+ {[%clk 00:00:32]} {[%emt 00:00:55]} Kc5
{[%clk 00:36:56]} {[%emt 00:00:06]} 41. Qc3+ {[%clk 00:00:34]} {[%emt
00:00:28]} Qxc3 {[%clk 00:37:20]} 0-1

[Event "DVM U16 2021"]
[Site "Kiel GER"]
[Date "2022.07.25"]
[Round "5"]
[White "Preissner, Laurenz"]
[Black "Günther, Fabian"]
[Result "1-0"]
[Termination "normal"]
[Board "8.3"]
[WhiteElo "1586"]
[BlackElo "1485"]
[WhiteClock "00:14:01"]
[BlackClock "00:35:01"]
[WhiteTeam "SC Weisse Dame e.V."]
[BlackTeam "USV TU Dresden"]
[PlyCount "57"]
[WhiteFideId "34614419"]
[BlackFideId "16240294"]
[EventCountry "GER"]
[EventRounds "7"]
[EventType "team-swiss"]
[EventDate "2022.07.22"]

1. e4 {[%clk 01:30:59]} {[%emt 00:00:02]} c5 {[%clk 01:30:54]} {[%emt
00:00:04]} 2. d4 {[%clk 01:31:27]} {[%emt 00:00:02]} cxd4 {[%clk 01:31:18]}
{[%emt 00:00:07]} 3. c3 {[%clk 01:31:55]} {[%emt 00:00:02]} dxc3 {[%clk
01:31:40]} {[%emt 00:00:07]} 4. Nxc3 {[%clk 01:32:21]} {[%emt 00:00:04]} Nc6
{[%clk 01:32:05]} {[%emt 00:00:06]} 5. Nf3 {[%clk 01:32:47]} {[%emt 00:00:04]}
e6 {[%clk 01:32:30]} {[%emt 00:00:04]} 6. Bc4 {[%clk 01:33:15]} {[%emt
00:00:03]} a6 {[%clk 01:32:56]} {[%emt 00:00:04]} 7. O-O {[%clk 01:32:52]}
{[%emt 00:00:53]} Nge7 {[%clk 01:33:19]} {[%emt 00:00:07]} 8. e5 {[%clk
01:30:52]} {[%emt 00:02:31]} Ng6 {[%clk 01:33:24]} {[%emt 00:00:24]} 9. Qe2
{[%clk 01:31:14]} {[%emt 00:00:08]} Be7 {[%clk 01:25:13]} {[%emt 00:08:40]} 10.
Rd1 {[%clk 01:26:30]} {[%emt 00:05:14]} Qc7 {[%clk 01:23:58]} {[%emt 00:01:45]}
11. Re1 {[%clk 01:14:23]} {[%emt 00:12:38]} O-O {[%clk 01:17:28]} {[%emt
00:07:00]} 12. h4 {[%clk 00:54:23]} {[%emt 00:20:30]} Bxh4 {[%clk 01:13:24]}
{[%emt 00:04:34]} 13. Nxh4 {[%clk 00:54:48]} {[%emt 00:00:04]} Nxh4 {[%clk
01:13:38]} {[%emt 00:00:16]} 14. Qh5 {[%clk 00:55:14]} {[%emt 00:00:05]} Ng6
{[%clk 01:12:59]} {[%emt 00:01:09]} 15. Re3 {[%clk 00:55:01]} {[%emt 00:00:43]}
Ncxe5 {[%clk 01:09:28]} {[%emt 00:04:01]} 16. Rh3 {[%clk 00:54:17]} {[%emt
00:01:13]} h6 {[%clk 01:09:41]} {[%emt 00:00:18]} 17. Bxh6 {[%clk 00:54:36]}
{[%emt 00:00:11]} gxh6 {[%clk 01:10:08]} {[%emt 00:00:03]} 18. Qxh6 {[%clk
00:54:46]} {[%emt 00:00:19]} Rd8 {[%clk 01:07:46]} {[%emt 00:02:53]} 19. Ne4
{[%clk 00:40:35]} {[%emt 00:14:41]} f5 {[%clk 00:59:52]} {[%emt 00:08:24]} 20.
Bxe6+ {[%clk 00:28:32]} {[%emt 00:12:33]} dxe6 {[%clk 01:00:04]} {[%emt
00:00:17]} 21. Nf6+ {[%clk 00:28:59]} {[%emt 00:00:03]} Kf7 {[%clk 01:00:22]}
{[%emt 00:00:13]} 22. Qh7+ {[%clk 00:29:27]} Kxf6 {[%clk 01:00:38]} {[%emt
00:00:15]} 23. Qxc7 {[%clk 00:29:49]} {[%emt 00:00:07]} Rd7 {[%clk 00:57:26]}
{[%emt 00:03:43]} 24. Qc3 {[%clk 00:27:45]} {[%emt 00:02:34]} Kf7 {[%clk
00:37:37]} {[%emt 00:20:18]} 25. Re1 {[%clk 00:26:18]} {[%emt 00:01:57]} Rd5
{[%clk 00:35:49]} {[%emt 00:02:18]} 26. Qg3 {[%clk 00:16:19]} {[%emt 00:10:30]}
Bd7 {[%clk 00:34:17]} {[%emt 00:02:02]} 27. Rxe5 {[%clk 00:14:13]} {[%emt
00:02:36]} Rxe5 {[%clk 00:34:40]} {[%emt 00:00:07]} 28. Rh7+ {[%clk 00:14:34]}
{[%emt 00:00:10]} Kf6 {[%clk 00:35:01]} {[%emt 00:00:08]} 29. f4 {[%clk
00:14:01]} {[%emt 00:01:02]} 1-0

[Event "DVM U16 2021"]
[Site "Kiel GER"]
[Date "2022.07.25"]
[Round "5"]
[White "Andreas, Bruno"]
[Black "Xu, Christ"]
[Result "1-0"]
[Termination "normal"]
[Board "8.4"]
[WhiteElo "1490"]
[BlackElo "1403"]
[WhiteClock "00:20:33"]
[BlackClock "00:46:00"]
[WhiteTeam "USV TU Dresden"]
[BlackTeam "SC Weisse Dame e.V."]
[PlyCount "105"]
[WhiteFideId "16274210"]
[BlackFideId "16280822"]
[EventCountry "GER"]
[EventRounds "7"]
[EventType "team-swiss"]
[EventDate "2022.07.22"]

1. e4 {[%clk 01:30:57]} e5 {[%clk 01:30:55]} {[%emt 00:00:05]} 2. Nf3 {[%clk
01:31:25]} {[%emt 00:00:03]} Nf6 {[%clk 01:31:20]} {[%emt 00:00:05]} 3. Nc3
{[%clk 01:31:46]} {[%emt 00:00:09]} Bb4 {[%clk 01:31:44]} {[%emt 00:00:05]} 4.
Bc4 {[%clk 01:30:58]} {[%emt 00:01:18]} Nc6 {[%clk 01:30:34]} {[%emt 00:01:40]}
5. d3 {[%clk 01:30:56]} {[%emt 00:00:32]} d5 {[%clk 01:27:51]} {[%emt
00:03:13]} 6. exd5 {[%clk 01:29:18]} {[%emt 00:02:07]} Nxd5 {[%clk 01:28:14]}
{[%emt 00:00:08]} 7. Bd2 {[%clk 01:28:48]} {[%emt 00:01:00]} Nxc3 {[%emt
00:02:21]} 8. bxc3 {[%clk 01:27:37]} {[%emt 00:01:38]} Bd6 {[%clk 01:22:16]}
{[%emt 00:04:41]} 9. h3 {[%clk 01:27:45]} {[%emt 00:00:22]} O-O {[%clk
01:22:08]} {[%emt 00:00:37]} 10. O-O {[%clk 01:28:02]} {[%emt 00:00:13]} Qf6
{[%clk 01:19:44]} {[%emt 00:02:54]} 11. Bg5 {[%clk 01:24:33]} {[%emt 00:03:59]}
Qg6 {[%clk 01:19:48]} {[%emt 00:00:26]} 12. Kh1 {[%clk 01:21:15]} {[%emt
00:03:48]} h6 {[%clk 01:14:33]} {[%emt 00:05:45]} 13. Bh4 {[%clk 01:18:50]}
{[%emt 00:02:54]} Na5 {[%emt 00:02:39]} 14. Bb3 {[%clk 01:18:00]} {[%emt
00:01:19]} Nxb3 {[%clk 01:12:51]} {[%emt 00:00:06]} 15. cxb3 {[%clk 01:17:19]}
{[%emt 00:01:11]} b6 {[%clk 01:11:37]} {[%emt 00:01:43]} 16. d4 {[%clk
01:12:47]} {[%emt 00:05:01]} Bb7 {[%clk 01:11:14]} {[%emt 00:00:54]} 17. Bg3
{[%clk 00:41:47]} {[%emt 00:31:31]} Rad8 {[%clk 01:02:32]} {[%emt 00:09:11]}
18. dxe5 {[%clk 00:29:52]} {[%emt 00:12:25]} Bxe5 {[%clk 01:02:43]} {[%emt
00:00:20]} 19. Nxe5 {[%clk 00:30:16]} {[%emt 00:00:05]} Rxd1 {[%clk 01:00:18]}
{[%emt 00:02:55]} 20. Nxg6 {[%clk 00:30:38]} {[%emt 00:00:08]} Rxf1+ {[%clk
01:00:24]} {[%emt 00:00:24]} 21. Rxf1 {[%clk 00:31:01]} {[%emt 00:00:07]} fxg6
{[%clk 01:00:46]} {[%emt 00:00:09]} 22. Bxc7 {[%clk 00:23:54]} {[%emt
00:07:36]} Re8 {[%clk 00:58:03]} {[%emt 00:03:12]} 23. Rd1 {[%clk 00:20:08]}
{[%emt 00:04:15]} Re2 {[%clk 00:57:46]} {[%emt 00:00:48]} 24. f3 {[%clk
00:18:12]} {[%emt 00:02:28]} Rxa2 {[%clk 00:57:29]} {[%emt 00:00:46]} 25. Rd7
{[%clk 00:18:17]} {[%emt 00:00:25]} Ra3 {[%clk 00:44:16]} {[%emt 00:13:43]} 26.
Bd6 {[%clk 00:16:59]} {[%emt 00:01:48]} Ra1+ {[%clk 00:44:38]} {[%emt
00:00:08]} 27. Kh2 {[%clk 00:17:08]} {[%emt 00:00:21]} Bd5 {[%clk 00:41:40]}
{[%emt 00:03:27]} 28. Be5 {[%clk 00:13:47]} {[%emt 00:03:48]} Bf7 {[%clk
00:41:05]} {[%emt 00:01:06]} 29. b4 {[%clk 00:12:54]} {[%emt 00:01:24]} a5
{[%clk 00:27:01]} {[%emt 00:14:35]} 30. Rb7 {[%clk 00:07:31]} {[%emt 00:05:53]}
a4 {[%clk 00:23:09]} {[%emt 00:04:23]} 31. Rxb6 {[%clk 00:07:19]} {[%emt
00:00:42]} a3 {[%clk 00:23:30]} {[%emt 00:00:09]} 32. Ra6 {[%clk 00:05:11]}
{[%emt 00:02:34]} a2 {[%clk 00:23:19]} {[%emt 00:00:45]} 33. b5 {[%clk
00:03:57]} {[%emt 00:01:44]} Bc4 {[%clk 00:22:54]} {[%emt 00:00:54]} 34. Ra8+
{[%clk 00:04:22]} {[%emt 00:00:05]} Kf7 {[%clk 00:18:46]} {[%emt 00:04:39]} 35.
b6 {[%clk 00:04:45]} {[%emt 00:00:06]} Rb1 {[%clk 00:18:36]} {[%emt 00:00:41]}
36. Bc7 {[%clk 00:00:39]} {[%emt 00:04:35]} a1=Q {[%clk 00:18:39]} {[%emt
00:00:26]} 37. Rxa1 {[%clk 00:01:05]} {[%emt 00:00:05]} Rxa1 {[%clk 00:18:35]}
{[%emt 00:00:35]} 38. b7 {[%clk 00:01:30]} {[%emt 00:00:05]} Rb1 {[%clk
00:18:49]} {[%emt 00:00:16]} 39. b8=Q {[%clk 00:01:53]} {[%emt 00:00:08]} Rxb8
{[%clk 00:19:15]} 40. Bxb8 {[%clk 00:02:19]} {[%emt 00:00:07]} Ke6 {[%clk
00:19:25]} {[%emt 00:00:20]} 41. f4 {[%clk 00:01:34]} {[%emt 00:01:15]} Kf5
{[%clk 00:19:33]} {[%emt 00:00:21]} 42. Be5 {[%clk 00:01:14]} {[%emt 00:00:48]}
h5 {[%clk 00:19:27]} {[%emt 00:00:39]} 43. h4 {[%clk 00:00:39]} {[%emt
00:01:05]} Kg4 {[%clk 00:18:45]} {[%emt 00:01:11]} 44. g3 {[%clk 00:30:29]}
{[%emt 00:00:41]} Kf3 {[%clk 00:49:02]} {[%emt 00:00:12]} 45. Bxg7 {[%clk
00:30:33]} {[%emt 00:00:26]} Kf2 {[%clk 00:48:31]} {[%emt 00:01:02]} 46. Be5
{[%clk 00:29:32]} {[%emt 00:01:28]} Bb5 {[%clk 00:48:12]} {[%emt 00:00:51]} 47.
g4 {[%clk 00:20:18]} {[%emt 00:09:45]} hxg4 {[%clk 00:47:40]} {[%emt 00:01:01]}
48. f5 {[%clk 00:19:35]} {[%emt 00:01:14]} gxf5 {[%clk 00:47:50]} {[%emt
00:00:20]} 49. h5 {[%clk 00:19:56]} {[%emt 00:00:09]} g3 {[%clk 00:46:03]}
{[%emt 00:02:17]} 50. Bxg3+ {[%clk 00:20:06]} {[%emt 00:00:19]} Kf3 {[%clk
00:46:19]} {[%emt 00:00:15]} 51. h6 {[%clk 00:20:15]} {[%emt 00:00:21]} f4
{[%clk 00:45:47]} {[%emt 00:01:02]} 52. h7 {[%clk 00:20:12]} {[%emt 00:00:32]}
fxg3+ {[%clk 00:46:00]} {[%emt 00:00:18]} 53. Kg1 {[%clk 00:20:33]} {[%emt
00:00:09]} 1-0

[Event "DVM U16 2021"]
[Site "Kiel GER"]
[Date "2022.07.25"]
[Round "5"]
[White "Schreidl, Michael"]
[Black "Langner, Robin"]
[Result "0-1"]
[Termination "normal"]
[Board "9.1"]
[WhiteElo "1616"]
[BlackElo "1690"]
[WhiteClock "00:17:24"]
[BlackClock "00:52:09"]
[WhiteTeam "SK Frankenthal"]
[BlackTeam "SK Freiburg-Zähringen 1887 e.V."]
[PlyCount "114"]
[WhiteFideId "16265750"]
[BlackFideId "34606190"]
[EventCountry "GER"]
[EventRounds "7"]
[EventType "team-swiss"]
[EventDate "2022.07.22"]

1. e4 {[%clk 01:30:59]} c5 {[%clk 01:30:41]} {[%emt 00:00:17]} 2. Nf3 {[%clk
01:31:25]} {[%emt 00:00:04]} d6 {[%clk 01:30:59]} {[%emt 00:00:13]} 3. d4
{[%clk 01:31:52]} {[%emt 00:00:03]} cxd4 {[%clk 01:31:18]} {[%emt 00:00:10]} 4.
Nxd4 {[%clk 01:32:18]} {[%emt 00:00:06]} Nf6 {[%clk 01:31:39]} {[%emt
00:00:07]} 5. Nc3 {[%clk 01:32:39]} {[%emt 00:00:09]} a6 {[%clk 01:32:01]}
{[%emt 00:00:09]} 6. f3 {[%clk 01:33:05]} {[%emt 00:00:03]} e6 {[%clk
01:31:36]} {[%emt 00:00:55]} 7. Be3 {[%clk 01:32:46]} {[%emt 00:00:49]} b5
{[%emt 00:01:25]} 8. a3 {[%clk 01:32:02]} {[%emt 00:01:08]} Nbd7 {[%clk
01:28:56]} {[%emt 00:02:22]} 9. Be2 {[%clk 01:28:14]} {[%emt 00:04:17]} Bb7
{[%clk 01:28:21]} {[%emt 00:01:05]} 10. O-O {[%clk 01:25:36]} {[%emt 00:03:08]}
Rc8 {[%clk 01:25:52]} {[%emt 00:02:59]} 11. Bf2 {[%clk 01:16:36]} {[%emt
00:09:30]} d5 {[%clk 01:23:17]} {[%emt 00:03:05]} 12. exd5 {[%clk 01:16:15]}
{[%emt 00:00:52]} Nxd5 {[%clk 01:23:33]} {[%emt 00:00:14]} 13. Nxd5 {[%clk
01:15:50]} {[%emt 00:00:54]} Bxd5 {[%clk 01:23:50]} {[%emt 00:00:13]} 14. Bg3
{[%clk 01:14:54]} {[%emt 00:01:25]} Bc5 {[%clk 01:23:40]} {[%emt 00:00:41]} 15.
Bf2 {[%clk 01:12:54]} {[%emt 00:02:30]} Nb6 {[%clk 01:17:07]} {[%emt 00:07:04]}
16. b4 {[%clk 01:00:07]} {[%emt 00:13:16]} Bd6 {[%clk 01:10:44]} {[%emt
00:06:54]} 17. Bd3 {[%clk 00:58:03]} {[%emt 00:02:32]} Qc7 {[%clk 01:02:32]}
{[%emt 00:08:43]} 18. h3 {[%clk 00:56:20]} {[%emt 00:02:13]} O-O {[%clk
01:02:23]} {[%emt 00:00:40]} 19. Ne2 {[%clk 00:55:20]} {[%emt 00:01:25]} Be5
{[%clk 00:59:44]} {[%emt 00:03:14]} 20. Bd4 {[%clk 00:53:37]} {[%emt 00:02:13]}
Nc4 {[%clk 00:58:55]} {[%emt 00:01:19]} 21. Bxe5 {[%clk 00:47:59]} {[%emt
00:06:08]} Qxe5 {[%clk 00:57:43]} {[%emt 00:01:41]} 22. Qc1 {[%clk 00:43:56]}
{[%emt 00:04:26]} Nb2 {[%clk 00:47:32]} {[%emt 00:10:48]} 23. Qd2 {[%clk
00:31:12]} {[%emt 00:13:13]} Nc4 {[%clk 00:43:50]} {[%emt 00:04:13]} 24. Qc1
{[%clk 00:30:52]} {[%emt 00:00:50]} Rfd8 {[%clk 00:43:54]} {[%emt 00:00:26]}
25. Qf4 {[%clk 00:27:23]} {[%emt 00:03:53]} Qxf4 {[%clk 00:40:20]} {[%emt
00:04:10]} 26. Nxf4 {[%clk 00:27:48]} {[%emt 00:00:05]} Ne3 {[%clk 00:39:51]}
{[%emt 00:00:59]} 27. Nxd5 {[%clk 00:25:29]} {[%emt 00:02:49]} Nxd5 {[%clk
00:39:47]} {[%emt 00:00:33]} 28. Rf2 {[%clk 00:17:02]} {[%emt 00:08:58]} Kf8
{[%clk 00:39:39]} {[%emt 00:00:39]} 29. g3 {[%clk 00:08:52]} {[%emt 00:08:40]}
Ke7 {[%clk 00:39:48]} {[%emt 00:00:21]} 30. a4 {[%clk 00:06:56]} {[%emt
00:02:26]} Nxb4 {[%clk 00:38:25]} {[%emt 00:01:52]} 31. axb5 {[%clk 00:07:18]}
{[%emt 00:00:08]} Nxd3 {[%clk 00:38:49]} {[%emt 00:00:06]} 32. cxd3 {[%clk
00:07:35]} {[%emt 00:00:14]} axb5 {[%clk 00:39:01]} {[%emt 00:00:17]} 33. Ra3
{[%clk 00:07:01]} {[%emt 00:01:04]} Rc1+ {[%clk 00:38:33]} {[%emt 00:00:58]}
34. Rf1 {[%clk 00:07:23]} {[%emt 00:00:08]} Rxf1+ {[%clk 00:38:44]} {[%emt
00:00:19]} 35. Kxf1 {[%clk 00:07:47]} {[%emt 00:00:06]} Kd6 {[%clk 00:39:05]}
{[%emt 00:00:10]} 36. Ke2 {[%clk 00:08:05]} {[%emt 00:00:12]} Kc5 {[%clk
00:39:08]} {[%emt 00:00:26]} 37. Kd2 {[%clk 00:08:12]} {[%emt 00:00:22]} Kb4
{[%clk 00:38:30]} {[%emt 00:01:10]} 38. Ra7 {[%clk 00:08:23]} {[%emt 00:00:18]}
Rf8 {[%clk 00:35:30]} {[%emt 00:03:30]} 39. Rb7 {[%clk 00:08:31]} {[%emt
00:00:22]} h5 {[%clk 00:33:20]} {[%emt 00:02:40]} 40. f4 {[%clk 00:07:49]}
{[%emt 00:01:12]} g6 {[%clk 00:32:33]} {[%emt 00:01:17]} 41. Ke3 {[%clk
00:06:52]} {[%emt 00:01:27]} Kc5 {[%clk 00:29:06]} {[%emt 00:03:58]} 42. Kd2
{[%clk 00:05:10]} {[%emt 00:02:10]} f6 {[%clk 00:26:13]} {[%emt 00:03:24]} 43.
Re7 {[%clk 00:28:45]} {[%emt 00:06:55]} e5 {[%clk 00:55:43]} {[%emt 00:01:01]}
44. fxe5 {[%clk 00:28:38]} {[%emt 00:00:37]} fxe5 {[%clk 00:56:05]} {[%emt
00:00:07]} 45. Rxe5+ {[%clk 00:29:01]} {[%emt 00:00:07]} Kb4 {[%clk 00:56:33]}
{[%emt 00:00:03]} 46. Rg5 {[%clk 00:26:52]} {[%emt 00:02:39]} Rf6 {[%clk
00:54:43]} {[%emt 00:02:20]} 47. Ke2 {[%clk 00:18:07]} {[%emt 00:09:12]} Ka4
{[%clk 00:53:12]} {[%emt 00:02:03]} 48. g4 {[%clk 00:18:16]} {[%emt 00:00:21]}
hxg4 {[%clk 00:53:30]} {[%emt 00:00:12]} 49. Rxg4+ {[%clk 00:17:52]} {[%emt
00:00:54]} Ka3 {[%clk 00:52:42]} {[%emt 00:01:18]} 50. Rg5 {[%clk 00:16:09]}
{[%emt 00:02:13]} b4 {[%clk 00:52:35]} {[%emt 00:00:37]} 51. Ra5+ {[%clk
00:16:27]} {[%emt 00:00:12]} Kb2 {[%clk 00:53:03]} {[%emt 00:00:02]} 52. Rb5
{[%clk 00:16:27]} {[%emt 00:00:30]} b3 {[%clk 00:53:19]} {[%emt 00:00:15]} 53.
Ke3 {[%clk 00:16:49]} {[%emt 00:00:08]} Kc2 {[%clk 00:52:38]} {[%emt 00:01:10]}
54. Ke4 {[%clk 00:16:34]} {[%emt 00:00:43]} b2 {[%clk 00:52:24]} {[%emt
00:00:46]} 55. d4 {[%clk 00:16:41]} {[%emt 00:00:24]} b1=Q {[%clk 00:51:47]}
{[%emt 00:01:06]} 56. Rxb1 {[%clk 00:17:05]} {[%emt 00:00:05]} Kxb1 {[%clk
00:52:03]} {[%emt 00:00:14]} 57. Ke5 {[%clk 00:17:24]} {[%emt 00:00:11]} Rf1
{[%clk 00:52:09]} {[%emt 00:00:25]} 0-1

[Event "DVM U16 2021"]
[Site "Kiel GER"]
[Date "2022.07.25"]
[Round "5"]
[White "Huang, Luca Hanson"]
[Black "Miller, Lysander"]
[Result "0-1"]
[Termination "normal"]
[Board "9.3"]
[WhiteElo "1488"]
[BlackElo "1625"]
[WhiteClock "00:42:31"]
[BlackClock "01:21:38"]
[WhiteTeam "SK Frankenthal"]
[BlackTeam "SK Freiburg-Zähringen 1887 e.V."]
[PlyCount "56"]
[WhiteFideId "16279182"]
[BlackFideId "34628398"]
[EventCountry "GER"]
[EventRounds "7"]
[EventType "team-swiss"]
[EventDate "2022.07.22"]

1. e4 {[%clk 01:30:54]} {[%emt 00:00:03]} c6 {[%clk 01:30:57]} {[%emt
00:00:04]} 2. d4 {[%clk 01:31:12]} {[%emt 00:00:12]} d5 {[%clk 01:31:24]}
{[%emt 00:00:04]} 3. e5 {[%clk 01:31:22]} {[%emt 00:00:20]} Bf5 {[%clk
01:31:50]} {[%emt 00:00:04]} 4. Nf3 {[%clk 01:31:26]} {[%emt 00:00:26]} e6
{[%clk 01:32:14]} {[%emt 00:00:06]} 5. Be2 {[%clk 01:31:35]} {[%emt 00:00:20]}
c5 {[%clk 01:32:39]} {[%emt 00:00:06]} 6. Nbd2 {[%clk 01:27:26]} {[%emt
00:04:39]} Nc6 {[%clk 01:32:40]} {[%emt 00:00:28]} 7. Nb3 {[%clk 01:23:20]}
{[%emt 00:04:36]} c4 {[%clk 01:32:32]} {[%emt 00:00:39]} 8. Nbd2 {[%clk
01:23:11]} {[%emt 00:00:39]} Nb4 {[%clk 01:30:57]} {[%emt 00:02:04]} 9. O-O
{[%clk 01:16:38]} {[%emt 00:07:03]} Nxc2 {[%clk 01:31:02]} {[%emt 00:00:26]}
10. Rb1 {[%clk 01:16:34]} {[%emt 00:00:34]} b5 {[%clk 01:30:44]} {[%emt
00:00:48]} 11. a3 {[%clk 01:09:51]} {[%emt 00:07:13]} Qb6 {[%clk 01:30:35]}
{[%emt 00:00:39]} 12. Nh4 {[%clk 01:04:39]} {[%emt 00:05:40]} Nxd4 {[%clk
01:29:48]} {[%emt 00:01:19]} 13. Nxf5 {[%clk 01:04:50]} {[%emt 00:00:19]} Nxf5
{[%clk 01:30:11]} {[%emt 00:00:07]} 14. Nf3 {[%clk 01:01:06]} {[%emt 00:04:13]}
Bc5 {[%clk 01:29:47]} {[%emt 00:00:54]} 15. b4 {[%clk 01:00:51]} {[%emt
00:00:46]} Bd4 {[%clk 01:26:56]} {[%emt 00:03:20]} 16. Nxd4 {[%clk 01:00:57]}
{[%emt 00:00:24]} Qxd4 {[%clk 01:27:16]} {[%emt 00:00:10]} 17. Qc2 {[%clk
00:58:48]} {[%emt 00:02:40]} Nge7 {[%clk 01:23:47]} {[%emt 00:03:59]} 18. Bb2
{[%clk 00:57:53]} {[%emt 00:01:24]} Qb6 {[%clk 01:24:02]} {[%emt 00:00:15]} 19.
Rbd1 {[%clk 00:57:03]} {[%emt 00:01:19]} O-O {[%clk 01:23:59]} {[%emt
00:00:34]} 20. Rfe1 {[%clk 00:54:41]} {[%emt 00:02:51]} d4 {[%clk 01:23:29]}
{[%emt 00:01:00]} 21. Bxc4 {[%clk 00:45:23]} {[%emt 00:09:49]} Rac8 {[%clk
01:21:03]} {[%emt 00:02:56]} 22. Qe4 {[%clk 00:44:22]} {[%emt 00:01:30]} Rxc4
{[%clk 01:20:07]} {[%emt 00:01:27]} 23. g4 {[%clk 00:44:29]} {[%emt 00:00:22]}
Nh4 {[%clk 01:20:17]} {[%emt 00:00:20]} 24. Bxd4 {[%clk 00:43:18]} {[%emt
00:01:42]} Rxd4 {[%clk 01:20:41]} {[%emt 00:00:07]} 25. Rxd4 {[%clk 00:43:06]}
{[%emt 00:00:42]} Qxd4 {[%clk 01:21:00]} {[%emt 00:00:10]} 26. Qxd4 {[%clk
00:42:51]} {[%emt 00:00:45]} Nf3+ {[%clk 01:21:25]} {[%emt 00:00:05]} 27. Kg2
{[%clk 00:42:43]} {[%emt 00:00:37]} Nxd4 {[%clk 01:21:51]} {[%emt 00:00:05]}
28. Rd1 {[%clk 00:42:31]} {[%emt 00:00:42]} Nec6 {[%clk 01:21:38]} {[%emt
00:00:43]} 0-1